[Event "SCO Open 2018"]
[Site "Xingtai"]
[Date "2018.10.15"]
[Round "2"]
[White "Karimov, Alisher"]
[Black "Vokhidov, Shamsiddin"]
[Result "1/2-1/2"]
[WhiteElo "2182"]
[BlackElo "2446"]
[Annotator "TA"]
[PlyCount "153"]
[EventDate "2018.??.??"]
[EventCountry "CHN"]
[SourceTitle "playchess.com"]
[Source "ChessBase"]
[SourceQuality "1"]

{[%evp 13,153,-31,-1,-41,-39,-52,-65,-61,-52,-56,-61,-68,-68,-65,-62,-88,-87,-96,-103,-119,-98,-120,-124,-122,-97,-107,-103,-275,-276,-265,-251,-233,-203,-187,-210,-188,-73,-66,-71,-63,-55,-90,0,0,0,0,0,-59,-60,-124,-108,-159,-161,-190,-121,-110,-110,-127,-127,-127,-127,-188,-188,-198,-173,-173,0,-173,-173,-173,-173,-173,-173,-12,-12,-173,-173,-173,-173,-173,-173,-173,-173,-173,-173,-173,-173,-173,-173,-173,-173,-173,-173,-173,-173,-173,-173,-173,-166,-244,-166,-166,-166,-166,-166,-166,-161,-161,-154,-154,-154,-154,-154,-166,-161,-161,-23,-23,-23,-23,0,0,0,0,0,0,0,0,0,0,0,0,0,0,0,0,0,0,0,0,0,-8]} 1. d4 Nf6 2. c4 e6 3. Nc3 Bb4 4. Qc2 O-O 5. a3 Bxc3+ 6. Qxc3 b6 7. f3 c5 {LiveBook: 4 Games} 8. Bg5 {E32: Nimzo-Indian: Classical (4 Qc2): 4...0-0} h6 9. Bh4 cxd4 10. Qxd4 {Black is slightly better.} Nc6 11. Qc3 Ba6 $146 ({Predecessor:} 11... Bb7 12. Rd1 Ne4 13. Bxd8 Nxc3 14. Rxd7 Rfxd8 15. Rxd8+ Rxd8 16. bxc3 {0-1 (40) Bohm,H (2410)-Ligterink,G (2445) Nijmegen 1984}) 12. Bxf6 Qxf6 13. Qxf6 gxf6 14. b3 Nd4 $36 {[%mdl 2048] Black is really pushing.} 15. Rb1 b5 16. cxb5 Nxb5 (16... Bxb5 $6 17. a4 $11) 17. a4 Na3 18. Rd1 Nc2+ 19. Kd2 Rfc8 20. e3 $2 (20. e4 $17 Bxf1 21. Rxf1) 20... Bxf1 $19 21. Rxf1 Nb4 $1 {( -> ...Rc2+)} 22. e4 Rc2+ 23. Ke3 Rac8 (23... Rxg2 24. Ne2 $17) 24. Ne2 Rb2 (24... f5 $1 $19 {[%cal Rf5f4] is more deadly. ...f4+! is the strong threat.} 25. Rd1 f4+ $1 {[%mdl 512]} 26. Kf2 R8c3) 25. Rb1 $17 Rcc2 26. Rxb2 Rxb2 {[%mdl 4096] Endgame KRN-KRN} 27. Nd4 Nc6 (27... Rxg2 $17 28. Rc1 d5 29. Rc8+ Kh7) 28. Rc1 $11 Nxd4 29. Kxd4 Rxb3 {KR-KR} 30. Rc7 (30. Rc8+ $11 Kg7 31. Kc4) 30... Rb4+ $15 31. Ke3 (31. Rc4 $15 Rb2 32. g4) 31... Rxa4 $17 32. Rxd7 (32. f4 $142) 32... Ra2 33. g4 e5 (33... Rxh2 34. Rxa7 Kg7 35. Kf4 $15) ({Better is} 33... a5 $1 $19 34. h3 a4) 34. h4 a5 {[%cal Ba7a5,Ba5a4,Ba4a3,Ba3a2][%mdl 32]} 35. Rd8+ Kg7 36. Ra8 a4 37. h5 (37. Ra6 $17) 37... a3 $1 $19 38. Ra6 Ra1 {aiming for ...a2.} 39. Kf2 a2 40. Kg2 $1 Kf8 41. Ra7 Ke8 $1 42. Kh2 Kd8 $1 43. Kg2 $2 (43. Ra8+ $19 Kc7 44. Ra6) 43... Kc8 $11 {And now ...Kb8 would win.} 44. Ra3 $2 (44. Ra6 $11 {and White has nothing to worry.} Kc7 45. Ra3) 44... Kb7 $1 $19 45. Ra4 Kb6 $1 46. Ra3 Kc5 47. Ra8 Kb4 $1 48. Ra7 Kb3 49. Rb7+ Kc2 50. Ra7 Kd3 $1 51. Ra3+ Ke2 52. Ra7 Ke3 53. Ra6 f5 $1 {[%cal Rf5g4]} 54. exf5 Kf4 {Strongly threatening ...e4.} 55. Ra4+ {[#]} Kg5 $1 {Hoping for ...e4!} 56. Ra5 (56. f6 {is a better defense.}) 56... e4 57. f6+ Kf4 58. fxe4 Kxg4 ({But not} 58... Kxe4 $6 59. g5 $11) 59. e5 {Black must now prevent e6!} Kf5 ({Resist} 59... Kxh5 60. e6+ Kg6 61. e7 $17) 60. Kh2 Re1 61. Rxa2 Rxe5 62. Kg3 Re3+ 63. Kh4 {[#]} Re4+ $1 ({Don't take} 63... Kxf6 64. Kg4 $17) 64. Kg3 Kxf6 (64... Rg4+ $19 65. Kf3 Rf4+ 66. Ke2 Kg4) 65. Rf2+ $11 Ke6 66. Ra2 f6 67. Ra8 {The position is equal.} Kf5 68. Rg8 $1 Re3+ 69. Kg2 $1 Kf4 70. Rg6 f5 71. Rxh6 Re2+ 72. Kf1 Rh2 73. Kg1 Rh4 74. Kf2 Kg5 75. Rh8 Rxh5 76. Rxh5+ Kxh5 77. Kf3 {Precision: White = 63%, Black = 77%.} 1/2-1/2

[Event "SCO Open 2018"]
[Site "Xingtai"]
[Date "2018.10.15"]
[Round "2"]
[White "Bai, Xue"]
[Black "Chen, Qi B"]
[Result "0-1"]
[WhiteElo "2149"]
[BlackElo "2425"]
[Annotator "TA"]
[PlyCount "86"]
[EventDate "2018.??.??"]
[EventCountry "CHN"]
[SourceTitle "playchess.com"]
[Source "ChessBase"]
[SourceQuality "1"]

{[%evp 20,86,18,-3,37,-13,-11,-7,-2,-7,-12,-15,-7,-10,-13,-8,0,-28,-24,-21,-31,-11,25,-25,8,0,0,0,36,10,47,10,31,6,63,66,129,120,704,670,947,-125,-126,-150,-136,-289,-88,-127,-127,-122,-128,-170,-167,-317,-317,-317,-317,-776,-776,-762,-747,-4562,-599,-5695,-304,-285,-298,-884,-876]} 1. e4 c5 2. Nf3 d6 3. d4 cxd4 4. Nxd4 Nf6 5. Nc3 a6 6. g3 e6 7. Bg2 Be7 8. O-O O-O 9. Be3 Qc7 10. f4 Nc6 11. Qe2 {LiveBook: 15 Games. B80: Sicilian Scheveningen: 6 g3 and 6 Be3, including English Attack} (11. Nb3 b5 12. g4 b4 13. Na4 Nd7 14. g5 Re8 15. Qh5 g6 16. Qh4 Bf8 17. Rf3 Bg7 18. Rh3 Nf8 19. Nb6 {0-1 (46) Sanal,V (2551)-Potkin,V (2574) Riadh 2017}) 11... h6 12. Kh1 $146 ({Predecessor:} 12. Rad1 Bd7 13. Nb3 b5 14. Rf2 Rad8 15. a3 Bc8 16. g4 Nd7 17. Rf3 {1-0 (25) Kozlowski,W (2425)-Sorokin,M (2062) ICCF email 2015}) 12... Nxd4 13. Bxd4 {The position is equal.} e5 14. Bg1 b5 15. a3 Bb7 16. Rad1 Rac8 17. Rd2 Qb8 18. fxe5 dxe5 19. Nd5 Nxd5 20. exd5 Rcd8 21. c4 Bg5 22. Rdd1 $36 {[%mdl 2048] White has good play.} bxc4 23. Qxc4 Qa8 24. Bc5 Rfe8 25. h4 Be7 {Threatening ...Bxc5.} 26. b4 Rd7 (26... Qc8 $11) 27. Kh2 $14 Bf8 (27... Red8 $14) 28. Qg4 $16 Rxd5 $2 {[%mdl 8192] [#]} (28... Red8 $16) 29. Rxf7 $3 $18 {[%mdl 512]} Rxd1 (29... Kxf7 30. Rxd5) 30. Rxb7 $2 (30. Bxf8 $18 {[%csl Gf7,Gf8][%cal Rg4g7]} Kxf7 31. Qxg7+ Ke6 32. Qg6+ Kd7 33. Qf7+ Kd8 34. Bc5) 30... Rd2 $17 31. Qf3 Kh8 {Strongly threatening ...Bxc5.} 32. Be3 $2 (32. Kh1 $17 {was forced.} Bxc5 33. bxc5) 32... Rd6 $2 (32... Ra2 $19 33. Qd5 Rb2) 33. Qh5 e4 {And now ...g6 would win.} 34. Ra7 Qc8 35. Bc5 Rd7 $1 36. Rxa6 (36. Rxd7 $142 Qxd7 37. Be3) 36... Bxc5 $19 37. bxc5 {intending Bh3.} Rde7 38. Bf1 $2 (38. Rd6) 38... Rf8 39. Bc4 e3 {[%cal Be4e3,Be3e2][%mdl 32] ( -> ...Rf2+)} 40. Kg1 {[#]} Qb8 (40... e2 $142 $1 {[%mdl 512]} 41. Bxe2 Rf5 42. Rxh6+ gxh6 43. Qxh6+ Rh7) 41. Kg2 Qb2+ $2 (41... Rf2+ 42. Kh3 Qc8+ 43. Qg4 {[#]} Rh2+ $1 {[%mdl 512]} 44. Kxh2 Qxg4) 42. Kh3 {Threatening mate with Rxh6+!} Qf2 43. Bd3 $2 (43. Be2 Qf5+ 44. Qxf5 Rxf5 45. c6 (45. Ra8+ $2 Kh7 $19)) 43... e2 {Precision: White = 26%, Black = 30%.} 0-1

[Event "SCO Open 2018"]
[Site "Xingtai"]
[Date "2018.10.16"]
[Round "3"]
[White "Zhou, Jianchao"]
[Black "Chen, Qi B"]
[Result "1-0"]
[WhiteElo "2625"]
[BlackElo "2425"]
[Annotator "TA"]
[PlyCount "95"]
[EventDate "2018.??.??"]
[EventCountry "CHN"]
[SourceTitle "playchess.com"]
[Source "ChessBase"]
[SourceQuality "1"]

{[%evp 18,95,8,8,13,16,10,10,20,12,14,0,37,25,50,35,34,33,30,16,26,11,12,18,7,0,18,0,0,0,4,-31,-31,-23,-31,-22,-16,-17,-7,-29,0,0,0,0,0,0,20,15,51,26,16,27,45,10,52,0,0,5,58,65,168,158,161,129,194,172,186,179,178,175,278,271,506,461,600,598,1030,1033,1027,1013]} 1. d4 Nf6 2. c4 e6 3. Nf3 d5 4. Nc3 Nbd7 5. cxd5 exd5 6. Bf4 c6 7. e3 Nh5 8. Bg5 Be7 9. Bxe7 Qxe7 10. Be2 {LiveBook: 18 Partien. D35: Damengambit (Abtauschvariante)} Nb6 $146 ({Vorgänger:} 10... Nhf6 11. O-O O-O 12. Qc2 Re8 13. Rab1 a5 14. a3 Nf8 15. b4 Bg4 16. h3 Bxf3 17. Bxf3 Ne6 18. h4 g6 19. g3 Ng7 {0-1 (35) Bu,X (2705)-Melkumyan,H (2633) Doha 2016}) 11. Ne5 Nf6 12. Bd3 {Die Stellung ist ausgeglichen.} Be6 13. O-O O-O 14. Qc2 h6 15. h3 Rfe8 16. Rac1 Rac8 17. Rfd1 Nfd7 18. Nf3 Nf6 19. Ne2 Ne4 20. Bxe4 dxe4 21. Nd2 Bd5 22. a3 f5 23. Qc5 Qf6 24. a4 Nxa4 25. Qa3 b5 26. b3 Nb6 27. Qxa7 Qd8 28. Qa3 g5 29. Ra1 Qf6 30. Qa7 Rb8 31. Qc7 Rec8 32. Qe5 Qf7 33. Ng3 Rf8 34. Ra6 $36 {[%mdl 2048] Weiss steht aktiver.} h5 35. Rda1 {zielt auf Ta7 ab.} Rb7 36. h4 gxh4 37. Ne2 Kh7 ({Günstiger ist} 37... Qg7 $11) 38. Qh2 $14 Rg8 (38... Qe7 $14) 39. Qxh4 $18 Rg4 40. Qh2 Nd7 (40... h4 $16 41. Nf4 Bxb3) 41. Ra7 Nf6 42. Rxb7 Qxb7 43. Qe5 Kg6 (43... Qg7 $142) 44. Nf4+ Kg5 $2 {[#]} (44... Kf7 {ist eine bessere Verteidigung.} 45. Kf1 Qe7 46. Qxf5 Qd7) 45. b4 {Weiß steht klar auf Gewinn.} h4 46. Nf1 h3 47. Nxh3+ Kg6 48. Nh2 {Precision: Weiß = 60%, Schwarz = 36%.} 1-0

[Event "SCO Open 2018"]
[Site "Xingtai"]
[Date "2018.10.16"]
[Round "3"]
[White "Xu, Yi"]
[Black "Karimov, Alisher"]
[Result "1-0"]
[WhiteElo "2536"]
[BlackElo "2182"]
[Annotator "TA"]
[PlyCount "109"]
[EventDate "2018.??.??"]
[EventCountry "CHN"]
[SourceTitle "playchess.com"]
[Source "ChessBase"]
[SourceQuality "1"]

{[%evp 23,109,27,27,26,43,33,40,35,125,76,65,19,25,0,0,0,218,197,168,201,185,27,36,51,47,60,66,65,70,60,72,59,69,68,81,0,0,0,2,0,6,0,0,0,0,-3,-8,-4,0,-15,11,10,33,31,36,26,36,31,1535,1084,29970,29970,29973,29971,29976,29976,29974,29969,29973,29973,29977,29978,29979,29980,29980,29981,29981,29982,29982,29983,29986,29987,29987,29988,29988,29989,29989,29989]} 1. e4 c5 2. Nf3 e6 3. d4 cxd4 4. Nxd4 Nc6 5. Nc3 Qc7 6. g3 a6 7. Bg2 h5 8. O-O {B47: Sicilian: Taimanov: 5 Nc3 Qc7 6 f4, 6 g3 and 6 Be2} (8. Bg5 h4 9. gxh4 Nge7 10. Nxc6 bxc6 11. Qd3 Ng6 12. O-O-O f6 13. Bd2 Kf7 14. Rhg1 Rxh4 15. Bf1 Qxh2 {0-1 (34) Kraemer,M (2575)-Jakovenko,D (2710) Germany 2018}) 8... h4 9. Re1 hxg3 10. hxg3 d6 11. Nxc6 bxc6 12. e5 d5 $1 {LiveBook: 8 Games} 13. Na4 Bb7 14. c4 dxc4 15. Qc2 Bb4 $146 (15... c5 $14) ({Predecessor:} 15... c5 16. Qxc4 Bxg2 17. Kxg2 {½-½ (42) Gantar,J (2233)-Bratovic,B (2320) Slovenia 2016}) 16. Re2 c5 17. a3 Ba5 $1 18. Qxc4 Rd8 $1 {[%cal Rd8d1]} 19. Be3 Bc6 $2 (19... Bxg2 $11 20. Kxg2 Qxe5) 20. Qxa6 $18 Bxa4 {[#]} 21. b4 $1 {[%mdl 512]} Qxe5 (21... cxb4 22. axb4) 22. Bc6+ $2 ({Better is} 22. Rc1 $18 cxb4 23. axb4) 22... Bxc6 $11 23. Qxc6+ Rd7 24. Rd1 $1 Qc7 25. Qxd7+ Qxd7 26. Rxd7 Kxd7 27. bxa5 $14 {[%mdl 4096] Endgame KRB-KRN} Kc6 28. Rc2 Rh5 {[#]} 29. Rb2 (29. a6 $1 $16 {Hoping for Rb2.} Kb6 {[#]} 30. Bxc5+ $1 {[%mdl 512]} Kxa6 31. Bd4) 29... Nf6 $11 30. Rb8 Nd7 31. Rg8 g6 32. a6 Kb6 33. Ra8 Rd5 34. a4 Ne5 35. Kg2 Nc6 36. Rc8 Na7 37. Rf8 Rd7 38. Rb8+ Kxa6 39. Bxc5 Rc7 $1 {[%cal Rc7c5]} 40. Bb6 Rb7 $2 {[%mdl 8192]} (40... Rc6 $14 41. Bd4 Nc8) 41. Rxb7 $18 Kxb7 42. Bxa7 $1 {White mates.} Kxa7 {K3P-K3P} 43. Kf3 Kb6 44. Ke4 f6 45. Kd4 g5 46. a5+ Kxa5 {K3P-KPP} 47. Kc5 e5 48. g4 Ka4 49. Kd5 Kb4 50. Ke6 Kc4 51. Kxf6 Kd4 52. Kxg5 Ke4 53. Kf6 Kf3 54. g5 e4 55. Kf5 {Precision: White = 67%, Black = 40%.} 1-0

[Event "SCO Open 2018"]
[Site "Xingtai"]
[Date "2018.10.16"]
[Round "3"]
[White "Lalith Babu M R"]
[Black "Khoroshev, Nikita"]
[Result "1-0"]
[WhiteElo "2518"]
[BlackElo "2416"]
[Annotator "TA"]
[PlyCount "85"]
[EventDate "2018.??.??"]
[EventCountry "CHN"]
[SourceTitle "playchess.com"]
[Source "ChessBase"]
[SourceQuality "1"]

{[%evp 22,85,64,16,16,16,20,30,18,29,30,-52,-64,-72,0,0,0,-10,0,0,0,-81,-93,-93,-94,-105,-106,-89,-52,-39,-54,-64,-51,-63,0,0,0,-27,39,32,32,18,26,0,41,0,0,0,0,0,0,-36,940,975,972,937,944,930,1277,1631,5222,5222,5206,5149,5077,4722]} 1. d4 d6 2. Nf3 Nf6 3. c4 g6 4. Nc3 Bg7 5. e4 O-O 6. h3 e5 7. d5 a5 8. Be3 Na6 9. g4 Nd7 {E90: King's Indian: Classical: Early deviations and 6 h3} (9... Nc5 10. Nd2 c6 11. Be2 a4 12. h4 Qa5 13. f3 a3 14. Qc2 axb2 15. Qxb2 h5 16. g5 Nfd7 17. O-O f6 18. Kg2 Qd8 19. Nb3 fxg5 20. hxg5 {½-½ (67) Nepomniachtchi,I (2757)-Grischuk,A (2766) chess.com INT 2018}) 10. a3 Nac5 11. Nd2 a4 12. Qc2 {LiveBook: 6 Games} Bf6 13. Nb5 $146 ({Predecessor:} 13. O-O-O Bg5 14. Kb1 Bxe3 15. fxe3 Nb6 16. Nf3 f5 17. exf5 gxf5 {0-1 (60) Sabuk,P (2381)-Shkuran,D (2403) Lvov 2017}) 13... Be7 14. O-O-O c6 15. Nc3 Bg5 16. Nf3 ({White should play} 16. Bxg5 $11 Qxg5 17. Kb1) 16... Bxe3+ $15 17. fxe3 Qe7 (17... cxd5 $17 18. cxd5 Nb3+ 19. Kb1 Ndc5) 18. Kb1 $11 Nb6 19. Be2 cxd5 20. exd5 f5 21. Rhg1 (21. gxf5 $11 Bxf5 22. e4) 21... fxg4 $17 22. hxg4 {[#]} Nxc4 $1 {[%mdl 512]} 23. Bxc4 {Qe2 is the strong threat.} Rxf3 24. Ne4 {Threatens to win with Nxc5.} Nxe4 25. Qxe4 Rf2 26. Bd3 Bd7 27. Rc1 Rd2 (27... Qg5 $15) 28. Rc7 $11 Qd8 29. Rgc1 Rc8 (29... Rd1 $11) 30. Rxc8 $14 Bxc8 31. Bb5 Rf2 32. Qxa4 Rf8 33. Qb4 Qb6 34. Rc3 Kg7 35. g5 Bh3 36. Ka2 Bf1 $2 {[%mdl 8192] [#]} (36... Bg2 $15 37. Qc4 Qd8) 37. Bxf1 $1 $18 {White is clearly winning.} Qxb4 38. Rc7+ ({And not} 38. axb4 Rxf1 39. b5 Rf7 $11) 38... Kg8 39. axb4 {[%cal Ba3b4,Bb4b5,Bb5b6][%mdl 32]} Rxf1 40. Rxb7 e4 41. b5 Rf5 42. b6 Rxd5 43. Rc7 {Precision: White = 58%, Black = 49%.} 1-0

[Event "SCO Open 2018"]
[Site "Xingtai"]
[Date "2018.10.16"]
[Round "3"]
[White "Fang, Yuxiang"]
[Black "Zhao, Yuanhe"]
[Result "1/2-1/2"]
[WhiteElo "2490"]
[BlackElo "2389"]
[Annotator "TA"]
[PlyCount "86"]
[EventDate "2018.??.??"]
[EventCountry "CHN"]
[SourceTitle "playchess.com"]
[Source "ChessBase"]
[SourceQuality "1"]

{[%evp 18,86,35,6,38,34,32,28,23,24,31,0,0,0,0,6,6,0,8,0,25,22,26,8,45,41,33,39,43,39,40,41,43,42,41,41,39,37,37,31,44,33,42,16,31,0,0,7,29,29,29,27,26,0,0,0,0,0,0,-20,-6,-32,-32,-32,-32,-32,-15,-15,-4,-74,-72]} 1. c4 Nf6 2. Nf3 c6 3. g3 g6 4. b3 Bg7 5. Bb2 O-O 6. Bg2 d6 7. d4 Nbd7 8. O-O Qc7 9. Nc3 e5 10. dxe5 {LiveBook: 3 Games} Nxe5 {E60: King's Indian: Unusual lines and Fianchetto Variation without Nc3} (10... dxe5 11. Ba3 Re8 12. Bd6 Qb6 13. Nd2 Qd4 14. Nde4 Nxe4 15. Nxe4 Nf6 16. Nc5 Qxd1 17. Raxd1 e4 18. f3 exf3 19. exf3 {½-½ (34) Vokarev,S (2448)-Kopjonkin,K (2324) Nizhny Tagil 2016}) 11. Nd4 a5 12. h3 Re8 {White has an edge.} 13. Rc1 $146 ({Predecessor:} 13. Qd2 Ned7 14. Rad1 Nc5 15. Kh2 h5 16. Nf3 Nfe4 17. Nxe4 Nxe4 {1-0 (55) Csala,I (2255)-Suto,G Aggtelek 1993}) 13... Ned7 {[%cal Be5d7,Bd7c5,Bc5e4][%mdl 32]} 14. Qd2 Nc5 15. Rfd1 Nfe4 16. Nxe4 Nxe4 17. Qc2 Qe7 18. e3 Bd7 19. Nf3 {[%cal Bd4f3,Bf3e1,Be1d3][%mdl 32]} Bf6 20. Bd4 c5 21. Bxf6 Qxf6 22. Ne1 Bc6 23. Nd3 Ng5 24. Nf4 Nf3+ 25. Kh1 a4 26. Nd5 Bxd5 $1 27. Rxd5 axb3 28. axb3 Re6 29. Rcd1 Ra6 30. h4 h5 31. Qe2 Nd4 32. Qb2 Nc6 33. R5d2 Qxb2 34. Rxb2 Kf8 35. Bd5 Re8 36. Bxc6 Rxc6 $11 {[%mdl 4096] Endgame KRR-KRR} 37. Ra1 Rb6 38. Ra3 Rb4 39. Ra4 Rxa4 40. bxa4 Ra8 41. Rxb7 Rxa4 42. Rd7 $1 Ra6 43. Rb7 (43. e4 $11) 43... Ke8 {Precision: White = 47%, Black = 71%.} 1/2-1/2

[Event "SCO Open 2018"]
[Site "Xingtai"]
[Date "2018.10.16"]
[Round "3"]
[White "Nitin, S.."]
[Black "Zhu, Jiner"]
[Result "1-0"]
[WhiteElo "2461"]
[BlackElo "2360"]
[Annotator "TA"]
[PlyCount "73"]
[EventDate "2018.??.??"]
[EventCountry "CHN"]
[SourceTitle "playchess.com"]
[Source "ChessBase"]
[SourceQuality "1"]

{[%evp 25,73,37,51,29,24,22,65,72,61,42,56,72,52,47,87,91,78,31,14,20,60,56,55,55,76,56,78,72,74,66,79,63,94,96,93,98,92,87,163,164,166,164,379,367,381,370,528,528,528,528]} 1. e4 g6 2. Nc3 Bg7 3. d4 d5 4. exd5 Nf6 5. Bb5+ Nbd7 6. Nf3 O-O 7. O-O Nb6 8. Ne5 Nbxd5 9. Nxd5 Nxd5 10. Re1 c6 11. Bc4 Be6 12. Bb3 {B04: Alekhine's Defence: 4 Nf3} a5 13. c3 Qc7 {LiveBook: 8 Games} 14. a3 {White is slightly better.} (14. Nd3 Bf5 15. Bg5 Rfe8 16. Qd2 a4 17. Bxd5 cxd5 18. Nb4 Rad8 19. Bf4 Qc4 {0-1 (35) Adams,M (2660)-Agdestein,S (2595) Oslo 1994 CBM 042 [Tisdall,J]}) 14... Rad8 $146 ({Predecessor:} 14... Rfd8 15. f4 Bf5 16. g4 Be6 17. Qf3 Qc8 18. h3 a4 19. Bc2 f6 20. Nd3 f5 21. Nc5 Rd6 22. Nxe6 Rxe6 23. Bd2 Rxe1+ 24. Rxe1 e6 25. Kh2 {½-½ (25) Bredenhof,B (2175)-Martin Sanchez,C (2209) ICCF email 2007}) 15. Qf3 c5 16. c4 Nf6 17. d5 Bc8 18. Bf4 {[#] Nxg6! is the strong threat.} Qb6 19. h3 Nh5 20. Bd2 f5 {[%cal Bf7f5,Bf5e4][%mdl 32]} 21. Rab1 Nf6 {Hoping for ...Ne4.} 22. Bc2 Ne4 23. Bxe4 fxe4 24. Qg3 Bf5 25. Bc3 e6 26. Rbd1 $36 {[%mdl 2048] Strongly threatening d6! Keeping Black busy.} Qd6 27. Qh2 {aiming for g4.} exd5 28. cxd5 Rfe8 {[%cal Rg7e5]} 29. Nc4 Qxh2+ 30. Kxh2 Bxc3 31. bxc3 b5 (31... a4 $16 {was called for.}) 32. Nxa5 $18 Ra8 {[#]} 33. Nb7 $1 {Black must now prevent d6.} Rxa3 $2 (33... Rec8 34. g4 Bd7) 34. d6 {[%cal Bd5d6,Bd6d7][%mdl 32]} Bd7 35. Nxc5 Bc6 (35... Rd8 {might work better.} 36. Nxe4 h6) 36. d7 Rd8 37. Rd6 {Precision: White = 80%, Black = 43%.} 1-0

[Event "SCO Open 2018"]
[Site "Xingtai"]
[Date "2018.10.16"]
[Round "3"]
[White "Vokhidov, Shamsiddin"]
[Black "Zvjaginsev, Vadim"]
[Result "1/2-1/2"]
[WhiteElo "2446"]
[BlackElo "2644"]
[Annotator "TA"]
[PlyCount "134"]
[EventDate "2018.??.??"]
[EventCountry "CHN"]
[SourceTitle "playchess.com"]
[Source "ChessBase"]
[SourceQuality "1"]

{[%evp 15,134,28,27,19,20,22,19,3,7,6,22,22,17,12,31,24,27,21,27,35,24,22,32,29,36,25,32,31,34,9,5,17,8,0,-3,-6,6,8,35,34,72,0,11,0,63,63,54,55,68,69,69,71,91,72,81,66,64,56,53,46,52,52,79,79,79,79,79,79,72,72,129,110,108,79,79,79,79,11,13,8,8,8,8,8,8,0,8,8,8,8,8,8,380,120,222,8,8,8,8,8,138,8,8,8,8,8,8,8,8,8,8,8,8,0,0,0,0,0,0,0,0]} 1. e4 e6 2. d4 d5 3. Nd2 c5 4. Ngf3 Nc6 5. exd5 exd5 6. Bb5 Qe7+ 7. Be2 Nf6 {C09: French Tarrasch: 3...c5 4 exd5 exd5 5 Ngf3 Nc6} (7... Qc7 8. O-O Nf6 9. Bb5 cxd4 10. Re1+ Be7 11. Qe2 a6 12. Bxc6+ bxc6 13. Nxd4 Ra7 14. Qe5 c5 15. Nf5 Qxe5 16. Rxe5 Bxf5 17. Rxf5 {½-½ (41) Mamedov,R (2678)-Harikrishna,P (2733) Antalya 2017}) 8. dxc5 Qxc5 {LiveBook: 5 Games} 9. Nb3 Qd6 10. Be3 $146 ({Predecessor:} 10. O-O Be7 11. Be3 O-O 12. Bc5 Qc7 13. Bxe7 Nxe7 14. Nfd4 Bd7 15. Re1 Ng6 16. Bf1 a5 17. a4 Rfe8 18. Rxe8+ Rxe8 19. Qd2 b6 20. f3 {½-½ (20) Antoniewski,R (2540)-Stocek,J (2556) Czech Republic 2017}) 10... Be7 11. Bc5 (11. O-O {is interesting.} O-O 12. Re1 Re8 13. Bd3 Bg4 14. h3) 11... Qc7 {aiming for ...Bxc5.} 12. Bxe7 Qxe7 (12... Kxe7 {looks sharper.} 13. O-O Re8 14. h3 Bf5 15. Nfd4 Bg6) 13. O-O O-O 14. h3 Qc7 15. Bd3 Re8 16. Re1 Bd7 17. c3 Rxe1+ 18. Qxe1 Re8 19. Qf1 Qf4 {White should prevent ...Bxh3!} 20. Qc1 Qc7 21. Qc2 g6 22. Re1 Rxe1+ 23. Nxe1 Qf4 24. Qe2 d4 25. c4 Qd6 26. Qd2 Nh5 27. Be4 Nf4 28. Nd3 (28. Nf3 $16) 28... Ne6 29. Nbc1 Nc5 (29... b6 $11) 30. Nxc5 $14 Qxc5 31. Bd5 Qb4 32. Qxb4 Nxb4 33. Bxb7 {[%mdl 4096] Endgame KBN-KBN} d3 {White must now prevent ...d2.} 34. Nb3 {Strongly threatening a3.} Nxa2 35. f4 Nc1 36. Nd2 Ne2+ 37. Kf2 Nxf4 38. Ke3 Ne6 39. b4 Kf8 40. Nb3 Ke7 41. Kxd3 Kd6 42. Nd4 Nxd4 (42... Nf4+ $142 43. Ke3 g5) 43. Kxd4 $16 {KB-KB} f6 44. Bd5 g5 45. Bf3 Be8 46. g4 (46. g3 $16) 46... h6 47. b5 Kc7 48. Kc3 Bd7 49. Be4 Be8 $1 50. Bf3 Bd7 51. Be2 Be6 52. Kd4 Bf7 53. c5 Be8 $2 {[%mdl 8192]} (53... Bg6 $11) 54. Kc3 $2 (54. Kc4 $18 {is more deadly.} Bg6 55. Bd3 Bf7+ 56. Kb4) 54... Bd7 {[#]} 55. Kb4 $2 (55. Bd3 $1 $18) 55... f5 $11 56. Kc4 f4 57. Kd4 Bc8 {[#]} (57... Be6 $11 {keeps the balance.}) 58. Ke5 (58. Kd5 $1 $16) 58... Bb7 {The position is equal.} 59. c6 Bxc6 60. bxc6 Kxc6 {KB-KP} 61. h4 {Hoping for hxg5.} a5 {[%cal Ba7a5,Ba5a4,Ba4a3][%mdl 32]} 62. hxg5 hxg5 {KB-K3P} 63. Kd4 a4 64. Bc4 a3 65. Ba2 Kd6 66. Bb3 Kc6 67. Ba2 Kd6 {Precision: White = 55%, Black = 68%.} 1/2-1/2